Rào cản chống bán phá giá của Hoa Kỳ và tác động đối với hàng thủy sản xuất khẩu của Việt Nam /

محفوظ في:
التفاصيل البيبلوغرافية
المؤلف الرئيسي: Trần Minh Nguyệt.
التنسيق: مقال
اللغة:Vietnamese
الموضوعات:
الوسوم: إضافة وسم
لا توجد وسوم, كن أول من يضع وسما على هذه التسجيلة!
Thư viện lưu trữ: Thư viện Trường Đại học Đà Lạt
LEADER 00926nam a2200277 4500
001 DLU210196129
005 ##20210419
040 # # |a DLU  |b vie 
041 # # |a vie 
044 # # |a vn 
100 # # |a Trần Minh Nguyệt. 
245 # # |a Rào cản chống bán phá giá của Hoa Kỳ và tác động đối với hàng thủy sản xuất khẩu của Việt Nam /  |c Trần Minh Nguyệt. 
653 # # |a Chống bán phá giá 
653 # # |a Hoa Kỳ 
653 # # |a Thủy sản 
653 # # |a Việt Nam 
653 # # |a Xuất khẩu 
773 # # |t Châu Mỹ ngày nay  |g Số 7(244), 2018, tr. 15-24 
920 # # |a Phòng Tạp chí -- Trung tâm Thông tin - Thư viện Trường Đại học Đà Lạt 
900 # # |a True 
911 # # |a Nguyễn Thị Thu Phương 
925 # # |a G 
926 # # |a A 
927 # # |a BB 
980 # # |a Thư viện Trường Đại học Đà Lạt